1506 1993 1810 1909 1641 1572 1982 1714 1547 1484 1160 1819 1674 1449 1592 1638 1748 1394 1844 1731 1606 1912 1086 1196 1744 1002 1795 1197 1436 1640 1412 1125 1908 1718 1822 1236 1751 1015 1773 1471 1892 1420 1293 1154 1264 1758 1071 1837 1403 1731 1002 1653 1114 1590 1881 1404 1534 1458 1442 1557 1405 1382 1198 1456 1773 1826 1153 1529 1147 1155 1179 1800 1383 1541 1869 1532 1413 1751 1133 1213 1394 1682 1517 1815 1329 1692 1530 1221 1748 1739 1861 1892 1184 1886 1850 1223 1137 1791 1115 BCNSPRNW ULIB Ver.6.0+V

เปลี่ยนเป็นภาษาไทย

Change to English
 แสดงรายละเอียดบรรณานุกรม
  กลับหน้าหลัก

Brief Record : Get Marc (ISO 2709) : E-mail record : QR code < ปิดหน้าต่าง
LEADER : 00000nam 2200000uu 4500
001    13399120911
003     ULIB
008    121025s2549||||th 000 0 tha d
020    ^a9746191462
020    ^a9789746191463
050  4 ^aDS586^bส841ห 2549
100 0  ^aสุเมธ ตันติเวชกุล,^d2482-
245 10 ^aหลักธรรมหลักทำตามรอยพระยุคลบาท /^cสุเมธ ตันติเวชกุล ;ประพัฒน์ แสงวณิช, บรรณาธิการ
250    ^aพิมพ์ครั้งที่ 11
260    ^aกรุงเทพฯ :^bโรงพิมพ์ด่านสุทธาการพิมพ์,^c2549
300    ^a128 หน้า :^bภาพประกอบ :^c21 ซม.
600 07 ^aภูมิพลอดุลยเดช,^cพระบาทสมเด็จพระปรมินทรมหา,^d2470-^xพระราชกรณียกิจ
600 07 ^aภูมิพลอดุลยเดช,^cพระบาทสมเด็จพระปรมินทรมหา,^d2470-^xพระบรมราโชวาท
650  4 ^aพระบรมราโชวาท
700 0  ^aประพัฒน์ แสงวณิช,^eบรรณาธิการ
945    ^p99^l0^i14496
995    ^aกัณชพร
999 ^a ใช้งานได้ทุกระบบ
รายการนี้ยังไม่มีแท็ก
คุณยังไม่ได้ล็อกอิน คุณสามารถมีกิจกรรมร่วมกับเว็บไซต์ได้ แต่ต้องล็อกอินก่อน ::
  ล็อกอิน

รายการสื่อสารสนเทศ

ลำดับที่ ประเภท เลขเรียก/บาร์โค้ด สถานที่ สถานะ
1. วิทยาศาสตร์การแพทย์ และสุขภาพ
วิทยาศาสตร์การแพทย์ และสุขภาพ
DS586 ส841ห 2549  
  Barcode: 14496
ห้องสมุดวิทยาเขตสวรรค์ประชารักษ์
►หนังสือทั่วไป
บนชั้น

รายการใกล้เคียง
    หัวเรื่อง [พระบรมราโชวาท]

BibComment


ยังไม่เคยถูกคอมเมนท์

คอมเมนท์ทรัพยากรรายการนี้
  คอมเมนท์: หลักธรรมหลักทำตา..


 Copyright 2026. Bcnsprnw @Library